| 000 | 00652nac a22001811u 4500 | ||
|---|---|---|---|
| 020 | _a8127219703 | ||
| 082 | 0 | 0 |
_a658.1511 _bJ254 |
| 090 |
_c1053 _d1053 |
||
| 100 | _aJain, S.P. | ||
| 245 | 1 | 0 |
_aCost accounting / _cS. P. Jain, K. L. Narang. |
| 250 | _a18th ed. | ||
| 260 |
_aNew Delhi : _bKalyani publishers, _c2005. |
||
| 300 |
_a1 v. (various pagings) : _bcol. ill . ; _c29 cm. |
||
| 650 | 0 | _aCost accounting. | |
| 700 | 1 | _aNarang K. L. | |
| 942 |
_cBB _k658.1511J254 |
||
| 999 |
_c1053 _d1053 |
||